LEADER 01018nam a2200217 4500 001 000000365886 003 CaOOAMICUS 005 20251222093756.0 008 251222s1972 it 000 u ita r 040 $aSeMil$bita 245 00$aModernismo, fascismo, comunismo :$baspetti e figure della cultura e della politica dei cattolici nel '900 /$ca cura di Giuseppe Rossini. 264 1$aBologna :$bIl Mulino,$c1972. 300 $aVIII, 518 p. ;$c22 cm 650 4$aCattolici italiani - Politica - Sec. 20.$0(OLS)http://semarc/subject/32234 700 1 $aRossini, Giuseppe,$d<1923- >.$0(OLS)http://semarc/name/3769 850 $aSeMil 852 $aSeMil$W1$xVenegono$y1$m3N II 841$j265659$B256684$CSeMilBibl$Z2$F256684 $81 961 $aPerego don Stefano - Omaggio 996 $6245$aModernismo, fascismo, comunismo :$baspetti e figure della cultura e della politica dei cattolici nel '900$9(OLS)http://semarc/title/457569 996 $6264$aBologna :$bIl Mulino$9(OLS)http://semarc/publisher/29842 LEADER 01712nam a2200265 i 4500 001 000000017141 003 CaOOAMICUS 005 20210312083736.0 008 180830s1993 be u000 u und u 040 $aSeMil$bita 245 10$aPapers presented at the Eleventh International Conference on Patristic Studies held in Oxford 1991 /$cedited by Elizabeth A. Livingstone. 260 $aLeuven :$bPeeters,$c1993. 300 $a5 v. ;$c25 cm. 650 4$aPatristica - Atti di congressi.$0(OLS)http://semarc/subject/1239 700 1 $aLivingstone, Elizabeth Anne.$0(OLS)http://semarc/name/7854 700 1 $aInternational Conference on Patristic Studies <11. ; 1991 ; Oxford>.$0(OLS)http://semarc/name/7858 774 0 $tCappadocian Fathers, Greek Authors after Nicaea, Augustine, Donatism, and Pelagianism.$kStudia patristica $z90-6831-521-8$w()40001 774 0 $tBiblica et Apocrypha, Orientalia, Ascetica.$kStudia patristica $z90-6831-519-6$w()40002 774 0 $tLiturgica, Second Century, Alexandria before Nicaea, Athanasius and the Arian Controversy.$kStudia patristica $z90-6831-518-8$w()40014 774 0 $tHistorica, Theologica et Philosophica, Gnostica.$kStudia patristica $z90-6831-520-X$w()40021 774 0 $tLatin Authors (other than Augustine and his Opponents), Nachleben of the Fathers.$kStudia patristica $z90-6831-522-6$w()40022 830 0$aStudia patristica .$0(OLS)http://semarc/title/22570 996 $6245$aPapers presented at the Eleventh International Conference on Patristic Studies held in Oxford 1991$9(OLS)http://semarc/title/22663 996 $6260$aLeuven :$bPeeters$9(OLS)http://semarc/publisher/29755